000 01067nam a2200217 a 4500
001 000015931
003 DO-SdBNP
005 20210923103847.0
008 100222s2000 dr 001 0 spa d
040 _aDO-SdBNP
_bspa
_cBNPHU
082 _a344.7293
_bR311j
245 0 0 _aRecopilación jurisprudencial integrada de las decisiones de la Suprema Corte de Justicia de la República Dominicana :
_bmateria, procedimiento civil, comercial y laboral /
_ccompilador L. Almanzor González Canahuate.
260 _aSanto Domingo :
_bCentenario,
_c2000.
300 _av. :
_c23 cm.
500 _aLa biblioteca posee el tomo 4, v. 10 --Tomo 3 v. 10
505 2 _aTomo 4, v. 10 treinta (30) años enero 1970, diciembre 1999 -- Tomo 3, v. 10 ventinueve (29)años (1970 - 1998) desistimiento, divorcio, embargos, inadmisibilidad)
650 4 _aJurisprudencia
_xRecopilaciones, repertorios, etc.
_zRepública Dominicana
_919125
700 1 _aGonzález Canahuate,L. Almanzor
_ecomp.
_95213
710 _aRepública Dominicana
_bSuprema Corte de Justicia
_97906
942 _2ddc
_cLBS1
999 _c15473
_d15473